Quick Pick: David Bowie Songs Quiz Stats

 Plays Quiz Updated Jul 1, 2016

Challenge
Share
Tweet
Embed
Score 0/20 Timer 01:30
0 Plays Today
% Correct
Mars
91.9%
Stardust
89.9%
Space
89.7%
Young
84.3%
World
83.6%
Golden
82.4%
Rebel
82.3%
World
78.6%
Pretty
77.7%
Sound
77.2%
% Correct
China
74.5%
Suffragette
74.1%
Love
73.9%
Dancing
71.3%
Absolute
70.7%
Wind
67.5%
Jean
66.4%
Swinging
65%
Saturday
56.3%
Cat
51.3%

Today's Daily Dose

Quick Pick
The Muppets

On This Day
December 19th II

You're not logged in!

Compare scores with friends on all Sporcle quizzes.
OR
Log In

You Might Also Like...

Show Comments

Extras

Top Quizzes Today


Score Distribution

Your Account Isn't Verified!

In order to create a playlist on Sporcle, you need to verify the email address you used during registration. Go to your Sporcle Settings to finish the process.

Report this User

Report this user for behavior that violates our Community Guidelines.

Details: